00913cam a2200289 a 45000010005000000030006000050050017000110080041000280100017000690200025000860400023001110420014001340500015001480820011001631000028001742450039002022600037002413000024002784900029003025050007003315200173003385210019005115210018005306500019005486500028005676500028005954261FISKH20240710155010.0061212r20072000nyu c 000 1 eng  a 2006036685 a9780142408636 (pbk.) aDLCcDLCdDLCbeng alcacapcc00aPZ7.A54385 a305.5 1 aAnderson, Laurie Halse.10aHomeless /cLaurie Halse Anderson. aNew York :bPuffin Books,c2007. a132 pages ;c20 cm.0 aVet volunteers ;vBook 2 aO  aSunita and her fellow volunteers at the Wild at Heart veterinary clinic become involved in efforts to save a bunch of feral and abandoned cats with the help of Dr. Mac. a630 bLexile  aO bRaz-Plus  1aCatsvFiction. 1aVeterinariansvFiction. 1aAnimal rescuevFiction.